Odmocnina ticha hovoríme so spisovateľom Pavlom Straussom

Bibliographic Details
Main Authors: Žilková, Marta, 1942- (Author), Strauss, Pavol, 1912-1994 (Author), Žilka, Tibor, 1939- (Author)
Other Authors: Lietava, Dušan (Illustrator)
Format: Article
Language:Slovak
PhysicalDescription:Fot. 1.
Subjects:

MARC

LEADER 00000nab a2200000 a 4500
001 vtls000379757
003 SK-MaSNL
005 20260303191139.0
008 230302c1990 xo 0 slo
015 |a SNBRB19rr/mm-uuuuu 
035 |a CL0379879 
035 |a urn:nbn:sk:snk-aban0d 
035 |a (urnnbn)urn:nbn:sk:snk:ar-00891j 
035 |a (uuid)fc3d7272-4dd1-49ff-9730-1c2239ad5daa 
040 |a SNKBUCL  |b slo  |c SNKBUCL  |e AACR2 
041 0 |a slo 
044 |a xo  |c SK 
080 |a 82:929:885.4  |2 1981 
080 |a 929  |2 1981 
080 |a 885.4  |2 1981 
080 |a 82  |2 1981 
080 |a 301  |2 1981 
080 |a 929 Strauss, Pavol  |2 1981 
100 1 |a Žilková, Marta,  |d 1942-  |4 aut  |9 88073 
245 1 0 |a Odmocnina ticha  |b hovoríme so spisovateľom Pavlom Straussom  |c Marta Žilková, Tibor Žilka 
300 |b Fot. 1. 
500 |a Rozhovor bol uverejnený i v zborníku Duchovnosť ako princíp tvorby. Nitra : Univerzita Konštantína Filozofa, 2001 
600 1 7 |a Strauss, Pavol,  |d 1912-1994  |2 snkbucl  |9 93225 
655 7 |a rozhovory  |2 snkbucl  |9 31831 
655 7 |a články z novín a časopisov  |2 snkbucl  |9 267496 
700 1 |a Lietava, Dušan  |4 ill  |9 10092 
700 1 |a Strauss, Pavol,  |d 1912-1994  |4 aut  |9 93225 
700 1 |a Žilka, Tibor,  |d 1939-  |4 aut  |9 100527 
773 0 |t Literárny týždenník  |g Roč. 3, č. 15 (1990), s. /1/ a 6-7 
850 |a Slovenská národná knižnica v Martine  |a MTA001 
852 |a SNK  |b KIS3GCP 
954 |a odborná, vedecká literatúra pôvodná (slovenská)  |2 lita 
958 |a BX 
958 |a LX 
958 |a OND 
958 |a EUIPO 
958 |a article14 
992 |a RBX 
999 |c 2139603  |d 2141533